High power Laswers-Directe Energy Weapons Impact on Defence and Security (Record no. 182875)
[ view plain ]
| 000 -LEADER | |
|---|---|
| fixed length control field | 00619 a2200193 4500 |
| 005 - DATE AND TIME OF LATEST TRANSACTION | |
| control field | 20211208154058.0 |
| 010 ## - LCCN (DPL NO) | |
| LC control number | ENG-130242 |
| 020 ## - INTERNATIONAL STANDARD BOOK NUMBER | |
| Terms of availability | 270.00 |
| International Standard Book Number | 978-81-86514-36-8 |
| 035 ## - SYSTEM CONTROL NUMBER | |
| System control number | EN-113774 |
| 037 ## - SOURCE OF ACQUISITION | |
| Source of stock number/acquisition | DBAD / PUB |
| 082 ## - DEWEY DECIMAL CLASSIFICATION NUMBER | |
| Classification number | 623.446 |
| 100 ## - MAIN ENTRY--PERSONAL NAME | |
| Personal name | Malik, Amitav |
| 245 ## - TITLE STATEMENT | |
| Title | High power Laswers-Directe Energy Weapons Impact on Defence and Security |
| Remainder of title | Amitav Malik |
| 250 ## - EDITION STATEMENT | |
| Edition statement | 2012 |
| 260 ## - PUBLICATION, DISTRIBUTION, ETC. (IMPRINT) | |
| Place of publication, distribution, etc | New Delhi |
| Name of publisher, distributor, etc | Defence Research and Development Organisation |
| Date of publication, distribution, etc | 2012 |
| 270 ## - ADDRESS | |
| Address | Ministry of Defence |
| City | New Delhi |
| Postal code | 110011 |
| 300 ## - PHYSICAL DESCRIPTION | |
| Extent | 158p. |
| Dimensions | 24cm (pbk) |
| 942 ## - ADDED ENTRY ELEMENTS (KOHA) | |
| Institution code [OBSOLETE] | dpl |
| Item type | English Books |
| Source of classification or shelving scheme | Dewey Decimal Classification |
| Classification part | 623.446 |
| Call number suffix | MAL |
| Withdrawn status | Lost status | Not for loan | Collection code | Home library | Current library | Date acquired | Source of acquisition | Cost, normal purchase price | Full call number | Barcode | Copy number | Cost, replacement price | Koha item type |
|---|---|---|---|---|---|---|---|---|---|---|---|---|---|
| Non-fiction | Bawana | Bawana | 08/12/2021 | DBAD/PUB | 270.00 | 623.446 MAL | EN-113774 | 1 | 270.00 | English Books |
